000 00319 a2200157 4500
001 180244
020 _a
040 _cMagnum
100 _aIacocca, Liliana
240 1 0 _aA coruja curiosa
_lpor
245 1 0 _aA coruja curiosa
362 0 _a1899
440 1 _aÁtica
697 _aMAGNITO: I/ANIMAIS
942 _cBK
999 _c180244
_d180244